000 01213naa a22003497a 4500
001 BR7604031
003 BR-BrBNA
005 20240918173918.0
007 ta
008 230509b bl.||||| |||| 00| 0 por d
040 _aBR-BrBNA
_bpor
_cBiblioteca Nacional de Agricultura
041 _a(Pt)
072 _aF00
_b1060
090 _aF00 BR7604031
100 1 _aRodrigues, O.
100 1 _aPompeu Junior, J.
100 1 _aAbramides, E.
100 1 _aFigueiredo, J.O. de
111 1 _a3. Congresso Brasileiro de Fruticultura
_cRio de Janeiro, RJ (Brazil)
_d14 Jul 1975
245 1 _aEstudo de clones novo e velho de laranjeira westin sobre seis porta-enxertos [Citrus sinensis]
260 3 _aCampinas, SP (Brasil):
_c1976.
500 _aAnais do 3. Congresso Brasileiro de Fruticultura Campinas, SP (Brasil): 1976. v. 2 p. 399-405 (BR7604031-AM)F00
650 _aLARANJA
650 _aVARIEDADE
650 _aCLONE NUCLEAR
650 _aPORTA ENXERTO
650 _aLIMAO CRAVO
650 _aTANGERINA
773 0 _tAnais do 3. Congresso Brasileiro de Fruticultura
_wF00 BR7604031
_gCampinas, SP (Brasil), 1976. v. 2 p. 399-405
909 _a202404
_bLucia
_c55
_dLucia Elande
942 _cAM
_2AGRIS
999 _c307647
_d307647